Normal view
MARC view
- Pflugfelder, Bob
Entry Personal Name
001 - CONTROL NUMBER
- control field: 115406
003 - CONTROL NUMBER IDENTIFIER
- control field: NUST
005 - DATE AND TIME OF LATEST TRANSACTION
- control field: 20230912165326.0
008 - FIXED-LENGTH DATA ELEMENTS
- fixed length control field: 230912|| aca||aabn | a|a d
040 ## - CATALOGING SOURCE
- Original cataloging agency: NUST
- Transcribing agency: NUST
100 ## - HEADING--PERSONAL NAME
- Personal name: Pflugfelder, Bob
670 ## - SOURCE DATA FOUND
- Source citation: Work cat.: (NUST): Pflugfelder, Bob, Nick and Tesla's high-voltage danger lab :, 2016
